000 01603cam a22004694i 4500
003 PE-LiUPU
005 20250731172939.0
008 150623s r 000 0 d
020 _a0385016441
035 _a(Sirsi) i9780385016445
040 _aPE-LiUPU
_bspa
_cPE-LiUPU
_erda
049 _aPRUA
082 0 4 _a220.7
_bAB1979
_221
100 1 _aWinston, David,
_eautor.
245 1 4 _aThe Wisdom of Solomon /
_cDavid Winston.
264 1 _aDoubleday :
_bThe Anchor Bible,
_c1979.
300 _a359 páginas ;
_c24 centímetros
336 _atext
_2rdacontent
337 _aunmediated
_2rdamedia
338 _avolume
_2rdacarrier
490 0 _aThe Anchor Bible ;
_v43
504 _aIncluye bibliografía.
505 0 _aWisdom's gift of inmortality (1-6:21).- The nature and power of Wisdom and Solomon's quest for her (6:22-10:21).- Divine wisdom or justice in the Exodus(11:1-14).
526 _aSEG42
526 _aSEG41
526 _aSEG40
526 _aSEG39
526 _aP94
526 _aP87
526 _aP86
526 _aP85
526 _aP77
526 _aP76
526 _aP35
630 _aBiblia.
_pA.T.
_pSabiduría
_xComentarios.
942 _2ddc
_cBOOK
949 _a220.7 AB 43 1979
_wDEWEY
_c1
_i44492
_lCCODEBUL1
_mBUL
_r0
_sY
_tBOOK
_u2015-6-24
_xTEOLOGIA
_PP35
_0COMPRA
_o.STAFF. Colección General
994 _aC0
_bPEPRU
596 _a1
999 _a220.7 AB 43 1979
_wDEWEY
_c21372
_i44492
_f2021-11-9
_g5
_lCCODEBUL1
_mBUL
_r0
_sY
_tBOOK
_u2015-6-24
_xTEOLOGIA
_PP35
_0COMPRA
_o.STAFF. Colección General
_d21372
980 _81
_gALBERTO SANCHEZ Responsable de Automatización